000 00429nam a2200181Ia 4500
001 1691
005 20260306143747.0
008 260306t1998||||xx |||||||||||||| ||spa||
041 _aESP
082 _a155
_bP25A 1998
100 _aPapalia, Diane E.
_eAUT
245 0 _aPsicologĂ­a del desarrollo
260 _c1998
300 _axxiii, 671 páginas :
_c27 cm.
650 _aGEN
654 _aCPS
942 _cLIB
_dJUS
_fJUS
_2ddc
_n
999 _c1691
_d1691